000 00464nam a2200193Ia 4500
005 20230411093748.0
008 131103s9999 xx 000 0 und d
020 _cRs.8.00
040 _aLoreto College
041 _aEnglish
082 _a891.443
_bSAN
100 _aSanyal, Narayan
245 _aAntarlina
_cNarayan Sanyal
260 _aCalcutta
_bRobindra Library
_c1379
300 _a312p.
650 _aBengali fiction
850 _aLCLIB
942 _cBK
999 _c22964
_d73443